A process for preparation of carbon black/silica/nanoclay master batch from fresh natural rubber latex (Record no. 51471)

MARC details
000 -LEADER
fixed length control field 00587nam a2200157Ia 4500
100 ## - MAIN ENTRY--AUTHOR NAME
Personal name Sasidharan K K
245 #2 - TITLE STATEMENT
Title A process for preparation of carbon black/silica/nanoclay master batch from fresh natural rubber latex
260 ## - PUBLICATION, DISTRIBUTION, ETC. (IMPRINT)
Name of publisher IRC 2012. International Rubber Conference, 28-31 October 2012, Kovalam, India, Rubber Research Institute of India, Kottayam and IRRDB, Malaysia: Abstracts. pp.104.
650 ## - SUBJECT ADDED ENTRY--TOPICAL TERM
Topical Term Carbon black
650 ## - SUBJECT ADDED ENTRY--TOPICAL TERM
Topical Term Nanoclay
650 ## - SUBJECT ADDED ENTRY--TOPICAL TERM
Topical Term Silica
700 ## - ADDED ENTRY--PERSONAL NAME
Personal name Alex R
700 ## - ADDED ENTRY--PERSONAL NAME
Personal name Kurian Thomas
942 ## - ADDED ENTRY ELEMENTS (KOHA)
Koha item type Bibliography STAF
Holdings
Withdrawn status Lost status Damaged status Not for loan Home library Current library Shelving location Date acquired Koha item type
      Bibliography RRII Library RRII Library Rubber technology 16/04/2013 Bibliography STAF